MARC

LEADER 00000nam0a2200000 4500
001 291034
005 20231102000339.0
035 |a (RuTPU)RU\TPU\book\315596 
090 |a 291034 
100 |a 20150410d1983 k y0rusy50 ca 
101 0 |a rus 
102 |a RU 
105 |a y z 001zy 
200 1 |a Введение в теорию функций с обобщенными производными и квазиконформные отображения  |e [монография]  |f В. М. Гольдштейн, Ю. Г. Решетняк  |g Академия наук СССР (АН СССР), Сибирское отделение (СО), Институт математики 
210 |a Москва  |c Наука  |d 1983 
215 |a 284 с. 
320 |a Библиогр.: с. 275-280 
606 1 |a Функции  |x Геометрическая теория  |2 stltpush  |3 (RuTPU)RU\TPU\subj\17034  |9 42885 
610 1 |a линейные дифференциальные операторы 
610 1 |a дифференцируемые функции 
610 1 |a интегральные представления 
610 1 |a нелинейная емкость 
610 1 |a экстремальные функции 
610 1 |a плотность 
610 1 |a пространства Соболева 
610 1 |a обобщенные производные 
610 1 |a переменные 
610 1 |a замена 
610 1 |a монографии 
675 |a 517.54  |v 4 
700 1 |a Гольдштейн  |b В. М.  |g Владимир Михайлович 
701 1 |a Решетняк  |b Ю. Г.  |g Юрий Григорьевич 
712 0 2 |a Академия наук СССР (АН СССР)  |b Сибирское отделение (СО)  |b Институт математики  |2 stltpush  |3 (RuTPU)RU\TPU\col\11754 
801 1 |a RU  |b 63413507  |c 20150410 
801 2 |a RU  |b 63413507  |c 20180413  |g RCR 
942 |c BK